000 00632nam a2200253Ia 4500
003 OSt
005 20221006145327.0
006 a|||||r|||| 00| 0
007 ta
008 221006b |||||||| |||| 00| 0 eng d
020 _c£5.95
024 _a14,467
037 _cTextual
040 _aEASL
_cEASL
_beng
041 _2eng
_aeng
082 _aO111,3N43,1, L9
100 _aSIMON Roger L.
_9654136
245 0 _aPeking duck
260 _aLondon
_bAndre Deutsch
_c1979
300 _a255p.
_ccm.
650 _aCEL
942 _hO111,3N43,1, L9
_cTEXL
_2CC
999 _c1082553
_d1082553